000 00301 a2200157 4500
001 174509
020 _a
040 _cMagnum
100 _aPorto, Cristina
240 1 0 _aSe eu fosse...
_lpor
245 1 0 _aSe eu fosse...
362 0 _a1899
440 1 _aFTD
697 _aI/POESIA
942 _cBK
999 _c174509
_d174509